Представление документа в формате RUSMARC

ПолеНазваниеЗначение
  Тип записи a
  Библиографический уровень a
001 Контрольный номер RU/CBS_UL/BASE/740de241000641599b64082d189a5c9a
005 Дата корректировки 20231107145016.4
100 Данные общей обработки __
a Данные общей обработки 20231107 ||| 0rusy0189 ca
101 Язык документа 0_
a Язык текста rus
102 Страна публикации __
a Страна публикации RU
200 Заглавие и сведения об ответственности 1_
a Заглавие Красно-чёрные насекомые
e Сведения, относящиеся к заглавию [о божьих коровках]
f Первые сведения об ответственности В. Карцев
300 Общие примечания __
a Общие примечания 12+
461 Уровень набора _0
1 2000
a Свирель
463 Уровень физической единицы _0
1 2000
a № 7
v С. 10-13 : фото
1 2101
d 2023
1 001RU/CBS_UL/BASE/3a12df0b46da493da29a1d5345098e07
606 Тематические рубрики 0_
a Основная рубрика Насекомые
610 Ключевые слова 0_
a Ключевые слова насекомые
610 Ключевые слова 0_
a Ключевые слова семейство жуков
610 Ключевые слова 0_
a Ключевые слова божьи коровки (насекомые)
610 Ключевые слова 0_
a Ключевые слова окраска божьих коровок
610 Ключевые слова 0_
a Ключевые слова виды божьих коровок
686 Индексы других классификаций __
2 Код системы rubbk
a Классификационный индекс 28.691.89
700 Автор _1
a Фамилия Карцев
b Имя (инициалы) В.
801 Источник записи _0
a Страна RU
b Организация МБУК ЦБС г. Ульяновска
c Дата составления 20231107
g Правила каталогизации RCR
801 Источник записи _1
a Страна RU
b Организация МБУК ЦБС г. Ульяновска
c Дата составления 20231107
g Правила каталогизации RCR
901 Тип документа __
t Тип документа b
w Контрольный № источника RU/CBS_UL/BASE/3a12df0b46da493da29a1d5345098e07